000 01090aab a2200193 i 4500
001 768714001
003 CO-MdFUSB
005 20240422103009.0
008 240409t1984 ag ||||| |||| 00| 0 spa d
040 _bspa
_cCO-MdFUSB
041 _aspa
100 1 _aParedes, Rubén
_eautor
245 _aCambios social y conversión
_c/ Rubén Paredes A.
300 _aVolumen 3, número 2 (junio,1984), páginas: 50 - 55
_c; 27 cm
520 _aEl objetivo de este artículo es llamar la atención sobre la fe evangélica y su crecimiento entre los pueblos indígenas de América Latina dentro de la Iglesia Evangélica.Los últimos 25 años han visto un resurgimiento inusual de la fe entre los pueblos autóctonos americanos en el proceso de difundir el evangelio. Este resurgimiento de la fe no ocurre en el vacío, sino en conexión con los cambios sociales y económicos que se están produciendo
650 7 _aHistoria
_xAspectos religiosos
_xCristianismo
_97036
773 0 _tIglesia y Misión
_049402
_959687
_gVolumen 3, número 2 (junio,1984), páginas: 50 - 55
_qpágina: 50
942 _cANA
999 _c51461
_d51461